| 000 | 00613nam a2200205Ia 4500 | ||
|---|---|---|---|
| 008 | 140626s9999 xx 000 0 und d | ||
| 100 | _aBlom, Robin.. | ||
| 245 |
_aSearching for the core of journalism education : _b program directors disagree on curriculum priorities / _c Robin ... [et al.].Blom |
||
| 260 | _cc2012. | ||
| 300 | _a67 : 1, page 70 | ||
| 440 | _aJournalism and Mass Communication Educator | ||
| 521 | _aMC | ||
| 650 | _aCritical thinking. | ||
| 650 | _aCurriculum. | ||
| 650 | _aEducation. | ||
| 650 | _aJournalism. | ||
| 650 | _aUndergraduate. | ||
| 650 | _aWriting. | ||
| 942 | _cSE | ||
| 999 |
_c121217 _d121217 |
||